00462nam a2200133 a 450000100100000000500170001000800410002704000250006808200130009324500920010626000760019830000270027470000270030100002836320200930031557.0110408s1984 dr a 000 0 spa d aDO-SdBNPbspacBNPHU axxxbU5801aProyecto de universidad agraria de la UNPHU /cpresentación Jaime A. Viñas Román. aSanto Domingo :bUniversidad Nacional Pedro Henríquez Ureña,c1984. a21 p. :bil. ;c22 cm.1 aViñas Román, Jaime